Towards New Media Paradigms: Content, Producers, Organisations and Audiences : The Portal Strategy : A Study of Spanish Online Newspapers' Added Value /
Сохранить в:
| Соавтор: | |
|---|---|
| Другие авторы: | , , |
| Формат: | Материалы конференции |
| Язык: | английский |
| Предметы: | |
| Метки: |
Нет меток, Требуется 1-ая метка записи!
|
MARC
| LEADER | 00000nam^a2200000^a^4500 | ||
|---|---|---|---|
| 001 | 000181273 | ||
| 005 | 20250521000000.0 | ||
| 009 | 20260310101926.034 | ||
| 037 | |a Acervo ITESO - Biblioteca | ||
| 041 | |a ING | ||
| 082 | |a 302. 23701 |b INT 2003-con | ||
| 111 | |a International Conference of Cost A20 ( |n 2o : |d 2003 : |c Pamplona, España) | ||
| 240 | 1 | 1 | |a [Towards New Media Paradigms: Content, Producers, Organisations and Audiences] |
| 245 | 0 | 4 | |a Towards New Media Paradigms: |b Content, Producers, Organisations and Audiences : The Portal Strategy : A Study of Spanish Online Newspapers' Added Value / |c International Conference of Cost A20 ; E. García de Torres... [et al.] ; ed. de C. Sádaba, R. Salaverría. |
| 264 | |a [Pamplona, España] : |b Eunate, |c [2004] | ||
| 300 | |a 16 p. | ||
| 336 | |a texto |b txt |2 rdacontenido | ||
| 337 | |a sin mediación |b n |2 rdamedio | ||
| 338 | |a volumen |b nc |2 rdasoporte | ||
| 649 | |a XX | ||
| 650 | |a Tecnologías de Comunicación e Información - |x Congresos | ||
| 650 | |a Periodismo - |x Congresos | ||
| 650 | |a Periódicos Electrónicos - |z España - |x Administración | ||
| 650 | |a Páginas en Línea | ||
| 650 | |a Organización Administrativa | ||
| 650 | |a Valor (Economía) | ||
| 650 | |a Plusvalía | ||
| 650 | |a Desarrollo Tecnológico | ||
| 650 | |a Comunicación Visual | ||
| 650 | |a Comunicación Escrita | ||
| 650 | |a Medios de Comunicación | ||
| 650 | |a Comunicación Masiva | ||
| 650 | |a Sociología de la Comunicación | ||
| 650 | |a Investigación | ||
| 700 | |a García de Torres, Elvira |e (autor) | ||
| 700 | |a Sádaba, Charo |e (edición) | ||
| 700 | |a Salaverría, Ramón |e (edición) | ||
| 910 | |a Fondo General | ||
| 920 | |a Impresos - Libros | ||
| 930 | |a Colección General | ||
| 905 | |a 101 | ||
| 901 | |a 0500120945 |b IT1 |c ACC |u 20250521 | ||
| 902 | |a https://opac.biblio.iteso.mx/vufind/Record/000181273 | ||